00381nam a2200157Ia 4500001000500000005001700005008004100022041000800063082002300071100003600094245004000130260000900170300002800179650000800207654000800215405520260306145727.0260306t1999||||xx |||||||||||||| ||spa|| aESP a306.85bH12 Nº 16 aCastillo Ceballos, GerardoeAUT 0aPreparar a los hijos para la vidab c1999 a268 páginas :c19 cm. aGEN aCED